Research in stakeholder theory. (Record no. 12776)

000 -LEADER
fixed length control field 00551nam a2200181 4500
008 - FIXED-LENGTH DATA ELEMENTS--GENERAL INFORMATION
fixed length control field 160808b xxu||||| |||| 00| 0 eng d
020 ## - INTERNATIONAL STANDARD BOOK NUMBER
International Standard Book Number 0772786100
050 ## - LIBRARY OF CONGRESS CALL NUMBER
Classification number HD 2731 .R47 2000
100 ## - MAIN ENTRY--PERSONAL NAME
Personal name Logsdon, Jeanne M.
Dates associated with a name 2000.
245 ## - TITLE STATEMENT
Title Research in stakeholder theory.
250 ## - EDITION STATEMENT
Edition statement 1997-1998
260 ## - PUBLICATION, DISTRIBUTION, ETC. (IMPRINT)
Place of publication, distribution, etc. Canada;
Name of publisher, distributor, etc. The Clarkson centre for business ethics,
Date of publication, distribution, etc. 2000.
300 ## - PHYSICAL DESCRIPTION
Extent 153 p.
650 ## - SUBJECT ADDED ENTRY--TOPICAL TERM
Topical term or geographic name as entry element Research.
700 ## - ADDED ENTRY--PERSONAL NAME
Personal name Wood, Donna J.
700 ## - ADDED ENTRY--PERSONAL NAME
Personal name Benson, Lee E.
942 ## - ADDED ENTRY ELEMENTS (KOHA)
Source of classification or shelving scheme
Koha item type Hard Covered Materials
Classification part HD 2731 .R47 2000
Koha issues (borrowed), all copies 2
Holdings
Withdrawn status Lost status Source of classification or shelving scheme Damaged status Not for loan Home library Current library Shelving location Date acquired Source of acquisition Total Checkouts Full call number Barcode Date last seen Date last checked out Price effective from Koha item type
          MACHAKOS UNIVERSITY LIBRARY MACHAKOS UNIVERSITY LIBRARY Open shelf 08/08/2016 Donation (BFA) 2 HD 2731 .R47 2000 22822 15/04/2019 01/04/2019 08/08/2016 Hard Covered Materials
© Machakos University Library, Along The Highway, Machakos Wote Rd, Machakos, Kenya P.O. Box 136 - 90100 Machakos - Kenya

Tel: ( +254 ) 723 805829 OR Fax : 044-20353 OR Email: library@mksu.ac.ke